000 00500nam a2200181Ia 4500
005 20250326143150.0
008 250326s9999 xx 000 0 und d
037 _aTextbook
040 _aFMSL
_beng
_cFMSL
041 _aeng
_2eng
084 _aX62 M8
_qFMSL
100 _aSarkar N
_9151505
245 0 _aBank nationalisation and corporate ficing in India
_cSarkar N
260 _aDelhi
_bDelhi, Discovery
_c1988
300 _a270p
942 _cTB
_hX62 M8
999 _c1298407
_d1298407